[Event "AUTO-INT-1517"]
[Site "http://www.queenalice.com/game.php?id=753619"]
[Date "2010.3.29"]
[Round "2"]
[White "silverado"]
[Black "Adilson22"]
[Result "1-0"]
[WhiteElo "1821"]
[BlackElo "1536"]

1. e4 e5 2. Nc3 Nc6 3. Bc4 d6 4. Qh5 g6 5. Qf3 Be6 6. Nd5 Nd4 7. Qc3 Nf6 8. f3
b5 9. Bb3 c6 10. Nxf6+ Qxf6 11. Bxe6 1-0

[Event "AUTO-INT-1517"]
[Site "http://www.queenalice.com/game.php?id=753620"]
[Date "2010.3.29"]
[Round "2"]
[White "Adilson22"]
[Black "silverado"]
[Result "0-1"]
[WhiteElo "1541"]
[BlackElo "1816"]

1. e4 e5 2. Nf3 Nc6 3. Bb5 Qf6 4. Bxc6 bxc6 5. d3 h6 6. Nc3 Ba6 7. a3 Bc5 8. Be3
Bxe3 9. fxe3 g5 10. h3 O-O-O 11. d4 exd4 0-1

[Event "AUTO-INT-1517"]
[Site "http://www.queenalice.com/game.php?id=753623"]
[Date "2010.3.29"]
[Round "2"]
[White "windlazy"]
[Black "Adilson22"]
[Result "1-0"]
[WhiteElo "1886"]
[BlackElo "1518"]

1. d4 d5 2. c4 Nf6 3. g3 dxc4 4. Qa4+ Nc6 5. Nf3 h6 6. Nc3 Bg4 7. Ne5 Be6 8.
Nxc6 Qd7 9. Ne5 Qxa4 10. Nxa4 Bd5 11. f3 O-O-O 12. Bg2 g6 13. e4 Bc6 14. Nxc6
bxc6 15. Be3 e6 16. Rc1 Bb4+ 17. Kf2 c3 18. Nxc3 h5 19. e5 Nd5 20. Bg5 Rd7 21.
Nxd5 cxd5 22. Rc6 Kb7 23. Rhc1 a6 24. a3 Be7 25. Bxe7 Rxe7 26. Bf1 f5 27. Bxa6+
Ka7 28. b4 Rb8 29. Be2 g5 30. Rxc7+ Rxc7 31. Rxc7+ Kb6 32. Re7 Kc6 33. Rxe6+ 1-0

[Event "AUTO-INT-1517"]
[Site "http://www.queenalice.com/game.php?id=753624"]
[Date "2010.3.29"]
[Round "2"]
[White "Adilson22"]
[Black "windlazy"]
[Result "0-1"]
[WhiteElo "1531"]
[BlackElo "1912"]

1. e4 c5 2. Nf3 g6 3. d4 Bg7 4. dxc5 Qa5+ 5. Nc3 Bxc3+ 6. Nd2 Bxd2+ 7. Bxd2 Qxc5
8. c3 Nc6 9. Bf4 Nf6 10. Bd3 d6 11. O-O Bg4 12. Be2 h5 13. Be3 Bxe2 14. Qxe2 Qe5
15. Qf3 Qxe4 16. Qxe4 Nxe4 17. f3 Nf6 18. Rad1 Ne5 19. b3 b6 20. c4 O-O 21. f4
Neg4 22. Bf2 Nxf2 23. Rxf2 Ne4 24. Re2 Nc3 25. Rde1 Nxe2+ 26. Rxe2 Rfe8 27. b4
Rac8 28. Re4 Rc7 29. b5 f5 30. Re6 Kf7 0-1

[Event "AUTO-INT-1699"]
[Site "http://www.queenalice.com/game.php?id=775389"]
[Date "2010.5.14"]
[Round "1"]
[White "shubhankar"]
[Black "Adilson22"]
[Result "1-0"]
[WhiteElo "1507"]
[BlackElo "1529"]

1. e4 e5 2. Nf3 Nc6 3. Nc3 Nf6 4. d3 Bb4 5. a3 Bxc3+ 6. bxc3 O-O 7. d4 d6 8. Bg5
Bg4 9. h3 Bxf3 10. Qxf3 exd4 11. cxd4 Nxd4 12. Qd3 c5 13. Be3 Qa5+ 14. c3 Nb3
15. Ra2 Rae8 16. f3 Rd8 17. Bd2 Nh5 18. Qd5 1-0

[Event "AUTO-INT-1699"]
[Site "http://www.queenalice.com/game.php?id=775390"]
[Date "2010.5.14"]
[Round "1"]
[White "Adilson22"]
[Black "shubhankar"]
[Result "0-1"]
[WhiteElo "1512"]
[BlackElo "1524"]

1. e4 e5 2. Nf3 Nc6 3. Nc3 d6 4. Bb5 a6 5. Bxc6+ bxc6 6. d4 Nf6 7. Bg5 h6 8.
Bxf6 Qxf6 9. O-O Bg4 10. a4 Bxf3 11. Qxf3 Qxf3 12. gxf3 c5 13. Nd5 O-O-O 14. c3
c6 15. Nb6+ Kb7 16. Nc4 d5 0-1

[Event "AUTO-INT-1699"]
[Site "http://www.queenalice.com/game.php?id=775405"]
[Date "2010.5.14"]
[Round "1"]
[White "bbking"]
[Black "Adilson22"]
[Result "1/2-1/2"]
[WhiteElo "1489"]
[BlackElo "1527"]

1. e4 e5 2. Nf3 Nc6 3. Bb5 d5 4. Nxe5 Qd6 5. d4 Bd7 6. Bf4 O-O-O 7. Nc3 Nxe5 8.
Bxe5 Qb4 9. Bxd7+ Rxd7 10. exd5 Qxb2 11. Na4 Qb4+ 12. c3 Qc4 13. Nc5 Bxc5 14.
Bxg7 Qxc3+ 15. Ke2 Qc4+ 16. Kf3 Qxd5+ 17. Ke2 Qc4+ 18. Kf3 Qc3+ 19. Ke2 Qc4+ 20.
Kf3 1/2-1/2

[Event "AUTO-INT-1699"]
[Site "http://www.queenalice.com/game.php?id=775406"]
[Date "2010.5.14"]
[Round "1"]
[White "Adilson22"]
[Black "bbking"]
[Result "1/2-1/2"]
[WhiteElo "1544"]
[BlackElo "1464"]

1. e4 e5 2. Nf3 Nc6 3. Nc3 Nf6 4. Bb5 Nd4 5. Nxe5 Qe7 6. f4 Nxb5 7. Nxb5 d6 8.
Nd3 Qxe4+ 9. Qe2 Qxe2+ 10. Kxe2 Nd5 11. c4 a6 12. Nd4 Nb6 13. c5 dxc5 14. Nf3
Bg4 15. Ne5 Bxf3+ 16. Nxf3 Bd6 17. g3 O-O 18. Kf2 Rae8 19. d4 cxd4 20. Nxd4 Bc5
21. Be3 Bxd4 22. Bxd4 Re4 23. Bc5 Rfe8 24. b3 f5 25. Rad1 Re2+ 26. Kf3 Rxa2
1/2-1/2

[Event "AUTO-INT-1699"]
[Site "http://www.queenalice.com/game.php?id=775415"]
[Date "2010.5.14"]
[Round "1"]
[White "Tungstenio"]
[Black "Adilson22"]
[Result "0-1"]
[WhiteElo "1382"]
[BlackElo "1496"]

1. e4 e5 2. Nf3 Nc6 3. c3 Nf6 4. d3 d5 5. exd5 Qxd5 6. c4 Qd6 7. Nc3 Bg4 8. Bg5
Bxf3 9. gxf3 Nd4 10. Bg2 Qb4 11. f4 exf4 12. Bxf4 Bd6 13. Bxd6 cxd6 14. Bxb7
Qxb7 15. Qa4+ Nd7 16. Nd5 Qxb2 17. Nc7+ Ke7 18. Nd5+ Kf8 19. Kf1 Qxa1+ 0-1

[Event "AUTO-INT-1699"]
[Site "http://www.queenalice.com/game.php?id=775416"]
[Date "2010.5.14"]
[Round "1"]
[White "Adilson22"]
[Black "Tungstenio"]
[Result "1-0"]
[WhiteElo "1507"]
[BlackElo "1371"]

1. e4 Nf6 2. e5 Nd5 3. d4 e6 4. Nf3 c6 5. Nc3 b5 6. a3 Nxc3 7. bxc3 Qa5 8. Qd2
d6 9. exd6 Bxd6 10. c4 Qxd2+ 11. Nxd2 O-O 12. c5 Bf4 13. Ne4 Bxc1 14. Rxc1 f5
15. Nd6 Bd7 16. Be2 Be8 17. O-O Rf6 18. Ra1 Na6 19. h3 Rg6 20. Bh5 Bf7 21. Bxg6
1-0

[Event "AUTO-INT-1775"]
[Site "http://www.queenalice.com/game.php?id=811546"]
[Date "2010.7.31"]
[Round "1"]
[White "Adilson22"]
[Black "spin"]
[Result "0-1"]
[WhiteElo "1503"]
[BlackElo "1694"]

1. e4 d5 2. d4 dxe4 3. Nc3 Bf5 4. d5 Nf6 5. Bb5+ Nfd7 6. f4 h5 7. Be3 Rh6 8. Qe2
Rb6 9. Qxh5 g6 10. Qh7 Rd6 11. O-O-O a6 12. Be2 b5 13. Bh5 Nf6 14. Qh8 gxh5 15.
Bc5 Rd7 16. Nge2 Bg6 17. Ng3 Ng4 18. Ngxe4 Bxe4 19. Nxe4 Rxd5 20. Rxd5 Qxd5 21.
Re1 Nd7 22. Bg1 Qxa2 23. Qxh5 Ngf6 24. Nxf6+ Nxf6 25. Qf3 Rd8 26. Qc6+ Rd7 27.
Qa8+ Rd8 0-1

[Event "AUTO-INT-1775"]
[Site "http://www.queenalice.com/game.php?id=811547"]
[Date "2010.7.31"]
[Round "1"]
[White "spin"]
[Black "Adilson22"]
[Result "1-0"]
[WhiteElo "1702"]
[BlackElo "1495"]

1. e4 e5 2. Qh5 Nc6 3. Bb5 Nf6 4. Qf3 Nd4 5. Qd3 Bc5 6. c3 Ne6 7. b4 Bb6 8. a4
Ng4 9. Nh3 Nf4 10. Qf3 h5 11. d4 f6 12. Bxf4 exf4 13. Nxf4 c6 14. Bc4 d6 15. h3
Nh6 16. Qxh5+ Kf8 17. Ng6+ Ke8 18. Nxh8+ Kd7 19. Ng6 a5 20. b5 c5 21. g4 cxd4
22. f4 dxc3 23. Nxc3 Bd4 24. Rc1 Qb6 25. Qd5 Bf2+ 26. Kf1 Be3 27. Rd1 1-0

[Event "AUTO-OPEN-2059"]
[Site "http://www.queenalice.com/game.php?id=811634"]
[Date "2010.7.31"]
[Round "1"]
[White "Adilson22"]
[Black "sandromm"]
[Result "0-1"]
[WhiteElo "1509"]
[BlackElo "1754"]

1. e4 c5 2. Nc3 e5 3. Nf3 Nc6 4. Bb5 Nd4 5. Nxe5 a6 6. Ba4 b5 7. Bb3 c4 8. Bxc4
bxc4 9. Nxc4 Bc5 10. d3 Ne7 11. Be3 O-O 12. Bxd4 Bxd4 13. Qg4 d5 14. e5 Bxc3+
15. bxc3 Bxg4 16. Ne3 Be6 17. O-O Qc7 18. c4 dxc4 19. dxc4 Qxe5 0-1

[Event "AUTO-OPEN-2059"]
[Site "http://www.queenalice.com/game.php?id=811635"]
[Date "2010.7.31"]
[Round "1"]
[White "sandromm"]
[Black "Adilson22"]
[Result "1-0"]
[WhiteElo "1747"]
[BlackElo "1516"]

1. e4 e5 2. Nf3 Nc6 3. Bb5 Nf6 4. O-O Nxe4 5. Re1 d5 6. Nxe5 Qd6 7. d4 Bd7 8.
Qf3 f6 9. Nxd7 Qxd7 10. c4 O-O-O 11. cxd5 Qxd5 12. Bxc6 Qxc6 13. Qxe4 Qxe4 14.
Rxe4 Bb4 15. Nc3 Bxc3 16. bxc3 h5 17. g3 f5 18. Re7 g6 19. Bg5 Rd6 20. Rae1 1-0